Odgadnij rapera po emoji - Statystyki

Ogólne statystyki
  • Ten quiz został rozwiązany 1 305 razy
  • Średni wynik to 5 z 15
Statystyki odpowiedzi
Emoji Odpowiedź % Poprawnych
🐸 Żabson
98%
🦔 47 OKI
89%
🚬 420 Mata
59%
❌❌❌ XXXtentacion
47%
👧💔😢 Bedoes
37%
2 📦 Tupac
36%
🧃🌐 Juice WRLD
34%
🌵✝🔥 Travis Scott
27%
🌈🐀😂 6ix9ine
22%
👕 G Polo G
19%
🤏🔫😈 Lil uzi vert
12%
2 😀 TwoFace
11%
😀⚫🔫 Alberto
7%
⛷🎭 Ski mask the slump god
5%
🔫🔵👑 NLE Choppa
3%
Nie znaleziono quizów pasujących do podanych kryteriów
Rozkład punktacji
Procent ludzi z każdym wynikiem
Percentyl według liczby udzielonych odpowiedzi
Twoja historia wyników
Nie rozwiązałeś tego quizu